000 00308nam a2200133Ia 4500
008 150301s2015 xx 000 0 und d
082 _a615.4
_bM14J
100 _aJAIN, N.K
245 _aMODERN DISPENSING PHARMACY
260 _bPHARMA MED PRESS
300 _a358
650 _aPHARMACY
942 _2ddc
_cBK
_06
999 _c7319
_d7319